Serbia, Syria or Siberia? - Statistics

General Stats
  • This quiz has been taken 285 times
  • The average score is 14 of 15
Answer Stats
Question Answer % Correct
Isn't a country Siberia
100%
Its president is Bashar al-Assad Syria
98%
Has Belgrade as its capital Serbia
95%
Is in Europe Serbia
95%
Was formerly part of Yugoslavia Serbia
95%
Novak Djoković and Nikola Jokić were born there Serbia
95%
Its official language is Arabic Syria
95%
Has the biggest number of Russians living there Siberia
93%
Is predominantly Muslim Syria
93%
Has land border with Turkey Syria
93%
Is the largest Siberia
91%
Is the coldest Siberia
91%
Is landlocked Serbia
89%
Wasn't under Ottoman Empire Siberia
86%
Its most populous city is Aleppo Syria
80%
No matching quizzes found
Score Distribution
Percent of People with Each Score
Percentile by Number Answered
Your Score History
You have not taken this quiz